01525cam a22003974a 450000100090000000300040000900500170001300800410003001000170007102000180008802000150010602500270012103500240014803500210017203700630019304000210025604200210027704300120029805000230031008200260033310000180035924501080037724600190048526000430050430000350054750000200058250400490060250501660065152001260081760000240094365000350096765100360100270000240103870000470106270000180110916183499OSt20200616105502.0100115s2010 ii a b 011 0 eng d a 2010319636 a9788125038450 a8125038450 aI-E-2010-319636; 69-91 a(OCoLC)ocn502268469 a(OCoLC)502268469 aLibrary of Congress -- New Delhi Overseas OfficecRs695.00 aDKAGEbengcoclc alccopycatalcode aa-ii---00aHN683.5b.U54 201004a303.440954222bBAV/U aBaviskar, B S00aUnderstanding Indian society :bpast and present : essays for A.M. Shah /c B.S. Baviskar ; Tulsi Patel30aIndian society aNew Delhi :bOrient Blackswan,cc2010. aviii, 378 p. :bill. ;c23 cm. aIncludes index. a"Publications of A.M. Shah": (p. [364]-370).0 apt. 1. Gender issues -- pt. 2. Sociology of religion : belief, perceptions and practices -- pt. 3. Development and modernisation -- pt. 4. Disciplinary concerns. aContributed articles on social change and religion aspects honoring Arvindbhai Manilal Shah, b. 1931, Indian sociologist.10aShah, A. M.,d1931- 0aReligion and sociologyzIndia. 0aIndiaxSocial conditionsy1947-1 aShah, A. M.,d1931-1 aBaviskar, B. S.q(Baburao Shravan),d1931-1 aPatel, Tulsi.